[Event "GER-ch U25-B"]
[Site "Willingen"]
[Date "2019.06.15"]
[Round "9"]
[White "Senechal, Niklas Bennet"]
[Black "Rempe, Janne"]
[Result "1-0"]
[WhiteElo "1470"]
[BlackElo "1720"]
[PlyCount "57"]
[EventDate "2019.06.08"]
[EventType "swiss"]
[EventRounds "9"]
[EventCountry "GER"]
[SourceTitle "EXT 2020"]
[Source "ChessBase"]
[SourceDate "2019.10.17"]
[SourceVersion "1"]
[SourceVersionDate "2019.10.17"]
[SourceQuality "1"]

1. c4 d6 2. d4 Nf6 3. Nc3 Nbd7 4. e4 e5 5. Nf3 Be7 6. Be2 0-0 7. 0-0 c6 8. Re1 Re8 9. Bg5 Qc7 10. Qc2 Nf8 11. Rad1 Ng6 12. Bf1 Bd7 13. Nh4 Nxh4 14. Bxh4 Rad8 15. Bg3 Nh5 16. Ne2 Nxg3 17. Nxg3 Bh4 18. Qb3 Re6 19. Nf5 Bg5 20. c5 dxc5 21. h4 Be7 22. Bc4 b5 23. Bxe6 Bxe6 24. Qg3 Bf6 25. dxe5 Rxd1 26. Rxd1 g6 27. exf6 Qb6 28. Nh6+ Kh8 29. Qd6 1-0

[Event "GER-ch U25-B"]
[Site "Willingen"]
[Date "2019.06.11"]
[Round "4"]
[White "Ostra, Noah"]
[Black "Senechal, Niklas Bennet"]
[Result "0-1"]
[WhiteElo "1773"]
[BlackElo "1470"]
[PlyCount "76"]
[EventDate "2019.06.08"]
[EventType "swiss"]
[EventRounds "9"]
[EventCountry "GER"]
[SourceTitle "CBM 191 Extra"]
[Source "ChessBase"]
[SourceDate "2019.09.30"]
[SourceVersion "1"]
[SourceVersionDate "2019.09.30"]
[SourceQuality "1"]

1. e4 c6 2. d4 d5 3. e5 e6 4. Bd3 c5 5. c3 Nc6 6. Nf3 cxd4 7. cxd4 Bd7 8. 0-0 Nge7 9. Nc3 Nb4 10. Bb1 a6 11. a3 Nbc6 12. Ng5 h6 13. Nh3 Qb6 14. Ne2 Na5 15. f4 Nb3 16. Ra2 Nxc1 17. Qxc1 Bb5 18. b4 Bxe2 19. Rxe2 Qxd4+ 20. Kh1 Rc8 21. Bc2 b5 22. Qb1 g6 23. Rc1 Bg7 24. Bd1 0-0 25. Rec2 Qb6 26. Nf2 Rfd8 27. Nd3 Rc4 28. g3 Rdc8 29. Nc5 Nf5 30. Be2 Rxc2 31. Rxc2 Nd4 32. Rd2 Nxe2 33. Rxe2 Bf8 34. Nd7 Qc6 35. Nxf8 Kxf8 36. Re1 Qc3 37. Qa1 Qf3+ 38. Kg1 Rc2 0-1

[Event "GER-ch U25-C"]
[Site "Willingen"]
[Date "2018.05.26"]
[Round "9"]
[White "Grimm, Nicola Marie"]
[Black "Senechal, Niklas Bennet"]
[Result "1-0"]
[WhiteElo "1309"]
[BlackElo "1145"]
[PlyCount "89"]
[EventDate "2018.05.19"]
[EventType "swiss"]
[EventRounds "9"]
[EventCountry "GER"]
[SourceTitle "CBM 184 Extra"]
[Source "ChessBase"]
[SourceDate "2018.06.28"]
[SourceVersion "1"]
[SourceVersionDate "2018.06.28"]
[SourceQuality "1"]

1. d4 d5 2. Bf4 Bf5 3. Nf3 Nf6 4. e3 e6 5. Bd3 Bxd3 6. Qxd3 Bd6 7. Bg3 0-0 8. c3 c5 9. Nbd2 c4 10. Qc2 Nc6 11. Bxd6 Qxd6 12. 0-0 Nd7 13. e4 f5 14. exd5 exd5 15. Rfe1 Qf4 16. Re2 Nf6 17. Ne5 Rfe8 18. Rae1 Nxe5 19. Rxe5 Rxe5 20. Rxe5 Ne4 21. Nxe4 dxe4 22. g3 Qf3 23. Qa4 Qh5 24. Qxc4+ Kh8 25. Rc5 Qd1+ 26. Qf1 Qc2 27. Rb5 b6 28. Qe1 Rf8 29. Qe3 Qd3 30. Qxd3 exd3 31. Kf1 Re8 32. Re5 Rxe5 33. dxe5 Kg8 34. Ke1 Kf7 35. Kd2 Ke6 36. f4 Kd5 37. Kxd3 g6 38. c4+ Kc5 39. b4+ Kc6 40. Kd4 a5 41. a3 h6 42. h4 h5 43. b5+ Kd7 44. Kd5 a4 45. e6+ 1-0

[Event "GER-ch U25-C"]
[Site "Willingen"]
[Date "2018.05.23"]
[Round "5"]
[White "Feil, Alexander"]
[Black "Senechal, Niklas Bennet"]
[Result "0-1"]
[WhiteElo "1164"]
[BlackElo "1145"]
[PlyCount "132"]
[EventDate "2018.05.19"]
[EventType "swiss"]
[EventRounds "9"]
[EventCountry "GER"]
[SourceTitle "CBM 184 Extra"]
[Source "ChessBase"]
[SourceDate "2018.06.28"]
[SourceVersion "1"]
[SourceVersionDate "2018.06.28"]
[SourceQuality "1"]

1. e4 c6 2. d4 d5 3. exd5 cxd5 4. Nf3 Bf5 5. Bb5+ Nc6 6. Nc3 Nf6 7. Bf4 e6 8. 0-0 Bd6 9. Be5 0-0 10. a3 Ne4 11. Bd3 Nxc3 12. bxc3 Bxd3 13. Qxd3 Nxe5 14. dxe5 Be7 15. c4 dxc4 16. Qxc4 Rc8 17. Qe4 Qc7 18. Qa4 b6 19. Rac1 Rfd8 20. Rfe1 Rd5 21. Re3 Ra5 22. Qb3 Rxa3 23. Qb5 Ra5 24. Qd3 Qc6 25. Nd4 Qd5 26. Rh3 h6 27. g4 Ra3 28. Nf5 Rxd3 29. Nxe7+ Kf8 30. Nxd5 Rxh3 31. Kg2 Ra3 32. Ne3 Ke7 33. c4 Rc5 34. Kf3 Rxe5 35. Kf4 Rc5 36. Rb1 Ra2 37. Kf3 Rc6 38. h4 a5 39. Re1 Ra3 40. Kf4 Kd7 41. g5 h5 42. Ke4 Ra4 43. Ke5 b5 44. Kd4 bxc4 45. Rc1 Kd6 46. Rxc4 Rcxc4+ 47. Nxc4+ Rxc4+ 48. Kxc4 Ke5 49. Kb5 Kf5 50. Kxa5 Kg4 51. g6 fxg6 52. Kb5 Kxh4 53. Kc5 Kg4 54. Kd6 h4 55. Kxe6 h3 56. Kf7 h2 57. Kxg7 h1Q 58. Kxg6 Qf3 59. Kh6 Qf5 60. f3+ Kxf3 61. Kg7 Qe6 62. Kh8 Qe7 63. Kg8 Kg4 64. Kh8 Kg5 65. Kg8 Kg6 66. Kh8 Qg7# 0-1

[Event "GER-ch U25-C"]
[Site "Willingen"]
[Date "2018.05.20"]
[Round "2"]
[White "Senechal, Niklas Bennet"]
[Black "Lohrmann, Linus"]
[Result "0-1"]
[WhiteElo "1145"]
[BlackElo "1246"]
[PlyCount "72"]
[EventDate "2018.05.19"]
[EventType "swiss"]
[EventRounds "9"]
[EventCountry "GER"]
[SourceTitle "CBM 184 Extra"]
[Source "ChessBase"]
[SourceDate "2018.06.28"]
[SourceVersion "1"]
[SourceVersionDate "2018.06.28"]
[SourceQuality "1"]

1. e4 e5 2. Nf3 Nc6 3. Bb5 a6 4. Ba4 Nf6 5. 0-0 Be7 6. Nc3 b5 7. Bb3 d6 8. d3 Bb7 9. Nd5 Na5 10. Nxf6+ Bxf6 11. Bd5 c6 12. Bb3 Nxb3 13. cxb3 d5 14. exd5 cxd5 15. Re1 e4 16. dxe4 dxe4 17. Nd2 0-0 18. Nxe4 Bxe4 19. Qg4 Re8 20. Bf4 Bc2 21. h4 Bxb2 22. h5 Bxa1 23. Rxa1 Qd4 24. Rc1 Be4 25. a4 bxa4 26. Rc4 Qa1+ 27. Kh2 axb3 28. Bh6 Bd5 29. Rd4 g6 30. Qf4 Re4 31. Rxe4 Bxe4 32. Qxe4 Rb8 33. Qf4 Re8 34. hxg6 hxg6 35. Bg5 Qe5 36. Qxe5 Rxe5 0-1

[Event "GER-ch U25-B"]
[Site "Willingen"]
[Date "2017.06.09"]
[Round "8"]
[White "Senechal, Niklas Bennet"]
[Black "Fricke, Janek Konrad"]
[Result "0-1"]
[WhiteElo "1173"]
[BlackElo "1297"]
[PlyCount "84"]
[EventDate "2017.06.04"]
[EventType "swiss"]
[EventRounds "9"]
[EventCountry "GER"]
[SourceTitle "CBM 178 Extra"]
[Source "ChessBase"]
[SourceDate "2017.06.22"]
[SourceVersion "1"]
[SourceVersionDate "2017.06.22"]
[SourceQuality "1"]

1. e4 c5 2. Nc3 d6 3. Bc4 e6 4. d3 Nf6 5. f4 a6 6. Nf3 b5 7. Bb3 Nc6 8. 0-0 Be7 9. Qe1 Bb7 10. a3 Qc7 11. Be3 Ng4 12. Bd2 Nf6 13. Ng5 Nd4 14. Rd1 c4 15. dxc4 bxc4 16. Ba4+ Bc6 17. Bxc6+ Qxc6 18. Rc1 Qc5 19. Be3 Ng4 20. h3 Nxe3 21. Qxe3 Ne2+ 22. Kf2 Qxe3+ 23. Kxe3 Nxc1 24. Rxc1 Bxg5 25. fxg5 Kd7 26. Rd1 Rab8 27. Na4 Rhc8 28. e5 d5 29. Rf1 Ke7 30. Kd4 a5 31. h4 Rf8 32. Rh1 f6 33. exf6+ gxf6 34. g6 hxg6 35. Re1 Kd6 36. Nc5 e5+ 37. Kc3 Kxc5 38. Rb1 d4+ 39. Kd2 a4 40. c3 d3 41. Re1 Rxb2+ 42. Kc1 d2+ 0-1

[Event "GER-ch U25-B"]
[Site "Willingen"]
[Date "2017.06.08"]
[Round "7"]
[White "Lohrmann, Linus"]
[Black "Senechal, Niklas Bennet"]
[Result "0-1"]
[WhiteElo "1343"]
[BlackElo "1173"]
[PlyCount "130"]
[EventDate "2017.06.04"]
[EventType "swiss"]
[EventRounds "9"]
[EventCountry "GER"]
[SourceTitle "CBM 178 Extra"]
[Source "ChessBase"]
[SourceDate "2017.06.22"]
[SourceVersion "1"]
[SourceVersionDate "2017.06.22"]
[SourceQuality "1"]

1. e4 c6 2. c4 Nf6 3. Nc3 d5 4. exd5 cxd5 5. Nf3 Nc6 6. cxd5 Nxd5 7. Nxd5 Qxd5 8. d4 Bg4 9. Be3 Rd8 10. Be2 e6 11. a3 g6 12. h3 Bf5 13. Rc1 Bg7 14. Rc5 Qd6 15. 0-0 Bxd4 16. Rxc6 Qxc6 17. Nxd4 Qc7 18. Nb5 Qe5 19. Nd4 0-0 20. Qa4 a6 21. Bf3 Be4 22. Bxe4 Qxe4 23. Rd1 e5 24. Qb4 exd4 25. Bh6 Rfe8 26. Qb6 Qe6 27. Qxb7 d3 28. Qb4 Qe2 29. Rd2 Qe5 30. Be3 a5 31. Qb3 Qd6 32. Qa4 Rc8 33. Qb3 Rc1+ 34. Rd1 d2 35. Qa4 Re7 36. Qg4 f5 37. Qf3 f4 38. Bxf4 Rxd1+ 39. Kh2 Qxf4+ 40. Qxf4 Rh1+ 41. Kxh1 d1Q+ 42. Kh2 Qe2 43. Qb8+ Kg7 44. Qb3 Qe5+ 45. g3 Qf6 46. Qc2 Rf7 47. Kg2 Qf3+ 48. Kg1 Rd7 49. Kh2 Rd1 50. Qc7+ Kh6 51. Qf4+ Qxf4 52. gxf4 Rd2 53. Kg3 Rxb2 54. Kg4 Rxf2 55. f5 Rxf5 56. h4 Rc5 57. Kg3 Rc3+ 58. Kg4 Rxa3 59. h5 Rb3 60. Kh4 a4 61. Kg4 a3 62. Kh4 a2 63. hxg6 Kxg6 64. Kg4 a1Q 65. Kh4 Qa4# 0-1

[Event "GER-ch U25-B"]
[Site "Willingen"]
[Date "2017.06.07"]
[Round "6"]
[White "Senechal, Niklas Bennet"]
[Black "Jung, Melanie"]
[Result "0-1"]
[WhiteElo "1173"]
[BlackElo "1359"]
[PlyCount "82"]
[EventDate "2017.06.04"]
[EventType "swiss"]
[EventRounds "9"]
[EventCountry "GER"]
[SourceTitle "CBM 178 Extra"]
[Source "ChessBase"]
[SourceDate "2017.06.22"]
[SourceVersion "1"]
[SourceVersionDate "2017.06.22"]
[SourceQuality "1"]

1. e4 e5 2. Nf3 Nc6 3. Bb5 a6 4. Ba4 Nf6 5. 0-0 Be7 6. Nc3 b5 7. Bb3 d6 8. h3 Na5 9. Re1 Nxb3 10. axb3 Bd7 11. d3 c5 12. Ne2 0-0 13. Ng3 Re8 14. c4 Qc7 15. Bd2 b4 16. Qc2 h6 17. Nh4 Nh7 18. Nhf5 Bxf5 19. Nxf5 Bg5 20. Ra2 Ra7 21. Rea1 Rea8 22. Qd1 Bxd2 23. Qxd2 Ng5 24. Qe2 Kf8 25. Qg4 Qd7 26. f4 exf4 27. Qxf4 Ne6 28. Qxd6+ Qxd6 29. Nxd6 Nd4 30. Nb5 Nxb3 31. Nxa7 Nxa1 32. Rxa1 Rxa7 33. Ra5 Rd7 34. Rxc5 Rxd3 35. Rd5 Rxd5 36. exd5 a5 37. Kf2 a4 38. Ke2 a3 39. d6 Ke8 40. Kd2 a2 41. c5 a1Q 0-1

[Event "GER-ch U25-B"]
[Site "Willingen"]
[Date "2017.06.06"]
[Round "5"]
[White "Pham, Anh Tuan"]
[Black "Senechal, Niklas Bennet"]
[Result "0-1"]
[WhiteElo "1017"]
[BlackElo "1173"]
[PlyCount "94"]
[EventDate "2017.06.04"]
[EventType "swiss"]
[EventRounds "9"]
[EventCountry "GER"]
[SourceTitle "CBM 178 Extra"]
[Source "ChessBase"]
[SourceDate "2017.06.22"]
[SourceVersion "1"]
[SourceVersionDate "2017.06.22"]
[SourceQuality "1"]

1. e4 c6 2. Nf3 d5 3. exd5 cxd5 4. Nc3 Nf6 5. d4 a6 6. Bd3 Nc6 7. h3 e6 8. Bg5 Be7 9. 0-0 Qb6 10. Be3 Qxb2 11. Qd2 Bb4 12. Na4 Qa3 13. c3 Ba5 14. Bc2 b5 15. Qd1 bxa4 16. Bxa4 Bd7 17. Bc1 Qxc3 18. Bd2 Qd3 19. Bxc6 Bxd2 20. Bxa8 Ne4 21. Re1 Bb5 22. Nxd2 Qxd2 23. Rxe4 Qxd1+ 24. Rxd1 dxe4 25. Bxe4 0-0 26. d5 Rd8 27. d6 Kf8 28. Bxh7 g6 29. Kh2 Kg7 30. Bxg6 Kxg6 31. f4 Bc4 32. a3 Bd5 33. g4 Rxd6 34. h4 Rb6 35. h5+ Kg7 36. f5 Rb2+ 37. Kh3 Rb3+ 38. Kh4 Rxa3 39. g5 Ra4+ 40. Kg3 Ra3+ 41. Kf4 Rf3+ 42. Kg4 Rxf5 43. h6+ Kg6 44. Rd3 Rxg5+ 45. Kh4 Kxh6 46. Rg3 Rxg3 47. Kxg3 a5 0-1

[Event "GER-ch U25-B"]
[Site "Willingen"]
[Date "2017.06.04"]
[Round "2"]
[White "Senechal, Niklas Bennet"]
[Black "Frank, Marian"]
[Result "1-0"]
[WhiteElo "1173"]
[BlackElo "1343"]
[PlyCount "53"]
[EventDate "2017.06.04"]
[EventType "swiss"]
[EventRounds "9"]
[EventCountry "GER"]
[SourceTitle "CBM 178 Extra"]
[Source "ChessBase"]
[SourceDate "2017.06.22"]
[SourceVersion "1"]
[SourceVersionDate "2017.06.22"]
[SourceQuality "1"]

1. e4 e5 2. Nf3 Nc6 3. Bb5 Bc5 4. 0-0 Nf6 5. Bxc6 dxc6 6. Nxe5 Qd4 7. Nf3 Qc4 8. d3 Qe6 9. Bf4 Bd6 10. Nd4 Qe7 11. e5 0-0 12. exd6 cxd6 13. Re1 Qd8 14. Qf3 Qb6 15. Nb3 d5 16. Nc3 Qb4 17. Qg3 Nh5 18. Bd6 Qxc3 19. bxc3 Nxg3 20. Bxf8 Kxf8 21. fxg3 Bg4 22. Re3 b6 23. Rae1 Be6 24. Nd4 Bd7 25. Re7 Be8 26. Nf5 Rd8 27. Nd6 1-0

[Event "GER-chT U10"]
[Site "Magdeburg"]
[Date "2015.12.28"]
[Round "5.1"]
[White "Hetzner, Hannes"]
[Black "Senechal, Niklas Bennet"]
[Result "1-0"]
[WhiteElo "1360"]
[BlackElo "992"]
[PlyCount "84"]
[EventDate "2015.12.27"]
[EventType "team-swiss"]
[EventRounds "7"]
[EventCountry "GER"]
[SourceTitle "EXT 2017"]
[Source "ChessBase"]
[SourceDate "2016.10.25"]
[SourceVersion "1"]
[SourceVersionDate "2016.10.25"]
[SourceQuality "1"]
[WhiteTeam "Erlangen"]
[BlackTeam "Luebeck"]
[WhiteTeamCountry "GER"]
[BlackTeamCountry "GER"]

1. e4 c5 2. Nf3 Nc6 3. d4 cxd4 4. Nxd4 g6 5. Be3 Bg7 6. Nc3 Nf6 7. Bc4 0-0 8. f3 d6 9. Qd2 a6 10. 0-0-0 b5 11. Bb3 b4 12. Nxc6 bxc3 13. Qxc3 Qc7 14. Bd4 Bb7 15. Nb4 Qxc3 16. Bxc3 a5 17. Nd5 Nxd5 18. Bxd5 Bxd5 19. Bxg7 Kxg7 20. exd5 a4 21. a3 Ra5 22. Rhe1 Re8 23. Rd4 f6 24. Ree4 f5 25. Re3 Kf7 26. c4 Rc8 27. Kc2 Rcc5 28. Kc3 g5 29. f4 h6 30. Rh3 Kg6 31. Re3 Kf7 32. h4 g4 33. Re6 Ra8 34. Rd3 Rac8 35. Rd4 Ra8 36. Re2 Re8 37. Kb4 Rec8 38. b3 axb3 39. Kxb3 Rb8+ 40. Kc3 Ra8 41. Rdd2 Rca5 42. Kb4 R8a7 1-0

[Event "GER-chT U10"]
[Site "Magdeburg"]
[Date "2015.12.27"]
[Round "1.1"]
[White "Dembski, Max"]
[Black "Senechal, Niklas Bennet"]
[Result "0-1"]
[WhiteElo "1072"]
[BlackElo "992"]
[PlyCount "68"]
[EventDate "2015.12.27"]
[EventType "team-swiss"]
[EventRounds "7"]
[EventCountry "GER"]
[SourceTitle "EXT 2017"]
[Source "ChessBase"]
[SourceDate "2016.10.25"]
[SourceVersion "1"]
[SourceVersionDate "2016.10.25"]
[SourceQuality "1"]
[WhiteTeam "Stade"]
[BlackTeam "Luebeck"]
[WhiteTeamCountry "GER"]
[BlackTeamCountry "GER"]

1. d4 d5 2. Bf4 Nc6 3. e3 Bf5 4. Nf3 Nf6 5. c4 e6 6. Nc3 Bb4 7. Qb3 Qd7 8. Be2 0-0 9. 0-0 Rfe8 10. Ne5 Qe7 11. Nxc6 bxc6 12. Bg5 Rab8 13. cxd5 cxd5 14. Bb5 Bxc3 15. Qxc3 Rxb5 16. Bxf6 gxf6 17. Rac1 Rc8 18. b3 c5 19. a4 Rbb8 20. dxc5 Qb7 21. Qxf6 Qxb3 22. Qg5+ Bg6 23. h4 h5 24. g4 Kh7 25. gxh5 Rg8 26. hxg6+ Rxg6 27. Kg2 Rxg5+ 28. hxg5 Qxa4 29. Rh1+ Kg6 30. f4 Rb2+ 31. Kg3 Qe4 32. Rhg1 Qxe3+ 33. Kg4 f5+ 34. Kh4 Rh2# 0-1

[Event "GER-chT U10"]
[Site "Magdeburg"]
[Date "2014.12.29"]
[Round "6.4"]
[White "Lange, Anton"]
[Black "Senechal, Niklas Bennet"]
[Result "1-0"]
[WhiteElo "866"]
[BlackElo "757"]
[PlyCount "53"]
[EventDate "2014.12.27"]
[EventType "team-swiss"]
[EventRounds "7"]
[EventCountry "GER"]
[SourceTitle "EXT 2016"]
[Source "ChessBase"]
[SourceDate "2015.10.08"]
[SourceVersion "1"]
[SourceVersionDate "2015.10.08"]
[SourceQuality "1"]
[WhiteTeam "Stralsund"]
[BlackTeam "Luebeck"]
[WhiteTeamCountry "GER"]
[BlackTeamCountry "GER"]

1. e4 e5 2. Nf3 Nc6 3. Bc4 Nf6 4. Ng5 d5 5. exd5 Nxd5 6. d3 Be7 7. Nf3 Bg4 8. Be3 Qd6 9. 0-0 0-0-0 10. Nbd2 Qg6 11. Re1 Bh3 12. g3 Nxe3 13. Rxe3 Qf6 14. c3 Bc5 15. Re1 Rhe8 16. a3 h5 17. b4 Bd6 18. Qb3 Rd7 19. a4 g5 20. d4 h4 21. a5 a6 22. b5 Kd8 23. bxc6 bxc6 24. Bxa6 Be6 25. c4 Ke7 26. Bb7 c5 27. Bc6 1-0

[Event "GER-chT U10"]
[Site "Magdeburg"]
[Date "2014.12.27"]
[Round "2.4"]
[White "Senechal, Niklas Bennet"]
[Black "Sinka, Silas"]
[Result "1-0"]
[WhiteElo "757"]
[BlackElo "1017"]
[PlyCount "35"]
[EventDate "2014.12.27"]
[EventType "team-swiss"]
[EventRounds "7"]
[EventCountry "GER"]
[SourceTitle "EXT 2016"]
[Source "ChessBase"]
[SourceDate "2015.10.08"]
[SourceVersion "1"]
[SourceVersionDate "2015.10.08"]
[SourceQuality "1"]
[WhiteTeam "Luebeck"]
[BlackTeam "Potsdam Empor"]
[WhiteTeamCountry "GER"]
[BlackTeamCountry "GER"]

1. e4 d6 2. d4 Nf6 3. Nc3 g6 4. Bg5 Bg7 5. Nf3 0-0 6. Bc4 c6 7. 0-0 Qc7 8. Qd2 d5 9. Bd3 Ng4 10. h3 Nf6 11. Bh6 Bxh6 12. Qxh6 Rd8 13. Ng5 Bd7 14. e5 Be8 15. exf6 exf6 16. Qxh7+ Kf8 17. Rfe1 fxg5 18. Qh8# 1-0